[Event "Elit(Limhamn-Vaxjo)"]
[Site "?"]
[Date "2020.02.02"]
[Round "4"]
[White "Lindahl, Emil"]
[Black "Kabadayi, Can"]
[Result "1-0"]
[WhiteElo "2179"]
[BlackElo "2195"]
[PlyCount "149"]
1. d4 Nf6 2. c4 g6 3. Nf3 Bg7 4. Nc3 d5 5. cxd5 Nxd5 6. e4 Nxc3 7. bxc3 c5 8.
Be3 Qa5 9. Qd2 O-O 10. Rb1 a6 11. Rb3 Rd8 12. d5 e6 13. c4 Qxd2+ 14. Nxd2 Nd7
15. Be2 b5 16. dxe6 fxe6 17. cxb5 axb5 18. Bxb5 Rxa2 19. O-O Nf6 20. Bc4 Ng4
21. Rb8 Nxe3 22. Bxa2 Nxf1 23. Bxe6+ Kf8 24. Nxf1 Bxe6 25. Rxd8+ Ke7 26. Rd1
Bb3 27. Rb1 Bc2 28. Rc1 Bxe4 29. Rxc5 Kd6 30. Ra5 h5 31. Ne3 Bd4 32. Ra4 Ke5
33. Nc4+ Kd5 34. Nd2 Bf5 35. Ra5+ Ke6 36. Nf3 Bf6 37. Ra6+ Ke7 38. Rb6 Be4 39.
Nd2 Bd5 40. Nf1 Be4 41. Ne3 Kf7 42. Rb4 Bd3 43. f3 g5 44. Kf2 Be7 45. Rd4 Bb5
46. h4 gxh4 47. Rd5 Bc6 48. Rxh5 Kg6 49. Ra5 Be8 50. Re5 Kf7 51. Rxe7+ Kxe7 52.
Nf5+ Kf6 53. Nxh4 Kg5 54. g3 Bc6 55. Ng2 Bd7 56. Ne3 Bc8 57. f4+ Kh5 58. Ke2
Ba6+ 59. Kd2 Bc8 60. Kd3 Kg6 61. Kd4 Kf6 62. Kc5 Bh3 63. Kd6 Bc8 64. Nd5+ Kf7
65. Ke5 Bh3 66. f5 Bf1 67. g4 Bc4 68. g5 Bb3 69. Nf4 Bc2 70. g6+ Kg7 71. Ne6+
Kg8 72. Kf6 Bb3 73. Nd4 Bd5 74. Kg5 Bc4 75. f6 1-0

[Event "Elit(Stockholms SS-Burgsvik)"]
[Site "?"]
[Date "2020.02.02"]
[Round "4"]
[White "Arman, Deniz"]
[Black "Akerman, Axel"]
[Result "1-0"]
[WhiteElo "2318"]
[BlackElo "2199"]
[PlyCount "89"]
1. e4 c5 2. Nf3 d6 3. d4 cxd4 4. Nxd4 Nf6 5. Nc3 g6 6. Be2 Bg7 7. O-O O-O 8.
Bg5 Nc6 9. Nb3 a5 10. a4 Be6 11. Re1 Rc8 12. Bf1 Re8 13. Nd5 Ne5 14. c3 h6 15.
Nxf6+ exf6 16. Bf4 Nc4 17. Nd4 Qb6 18. b3 Ne5 19. Bb5 Red8 20. c4 Bd7 21. Bxd7
Rxd7 22. Nb5 h5 23. h3 Qd8 24. Qd2 b6 25. Rad1 Bf8 26. Be3 d5 27. exd5 Bb4 28.
Nc3 Nxc4 29. bxc4 Rxc4 30. Bd4 Rxd5 31. Nxd5 Bxd2 32. Rxd2 Kf8 33. Bxf6 Qd7 34.
Rde2 Rc6 35. Re7 Qc8 36. Re8+ Qxe8 37. Bg7+ Kxg7 38. Rxe8 Rd6 39. Nc3 Rc6 40.
Re3 Rc4 41. Kf1 b5 42. axb5 a4 43. Ke2 a3 44. Kd3 Rb4 45. Re2 1-0

[Event "Elit(Rockaden, Sthlm-Farsta)"]
[Site "?"]
[Date "2020.02.02"]
[Round "4"]
[White "Bator, Robert"]
[Black "Namini, Armin"]
[Result "1/2-1/2"]
[WhiteElo "2365"]
[BlackElo "2208"]
[PlyCount "37"]
1. Nf3 Nf6 2. c4 c6 3. d4 d5 4. e3 Bf5 5. Nc3 a6 6. Nh4 Bc8 7. Qc2 b5 8. b3 e6
9. Nf3 Nbd7 10. Bd3 Bb7 11. O-O Be7 12. a3 bxc4 13. bxc4 dxc4 14. Bxc4 c5 15.
Rd1 cxd4 16. Nxd4 Qc7 17. Be2 Rc8 18. Bb2 O-O 19. Rac1 1/2-1/2

[Event "Elit(Limhamn-Vaxjo)"]
[Site "?"]
[Date "2020.02.02"]
[Round "4"]
[White "Eklund, Joel"]
[Black "Gonzalez, Emilio"]
[Result "1-0"]
[WhiteElo "2216"]
[BlackElo "1970"]
[PlyCount "107"]
1. c4 c5 2. g3 Nc6 3. Bg2 g6 4. Nc3 Bg7 5. Nf3 e5 6. a3 a5 7. O-O Nge7 8. Ne1
d6 9. Nc2 Be6 10. Ne3 O-O 11. d3 Rb8 12. Rb1 h6 13. Bd2 Kh7 14. Ned5 f5 15. b4
b6 16. Nxe7 Nxe7 17. bxa5 bxa5 18. Rxb8 Qxb8 19. Qc2 f4 20. Ne4 Nf5 21. Rb1 Qd8
22. Bc3 fxg3 23. hxg3 h5 24. Qa4 Nd4 25. Bxa5 Qe7 26. Rb7 Nxe2+ 27. Kf1 Nxg3+
28. Nxg3 Qh4 29. Kg1 Kh8 30. Qc6 Qg4 31. Qe4 Qd1+ 32. Bf1 g5 33. Qg6 Rg8 34.
Qxh5+ Qxh5 35. Nxh5 d5 36. Bc3 d4 37. Bd2 Bg4 38. Rxg7 Rxg7 39. Nxg7 Kxg7 40.
a4 Kf6 41. a5 Bc8 42. Bg2 g4 43. Bc6 Ke7 44. Kg2 Kd6 45. Be4 Kc7 46. Kg3 Kd6
47. Kh4 Kc7 48. Kg5 Kd6 49. Bf5 Ba6 50. Kxg4 Bb7 51. Kg5 Ba6 52. Kf6 Bb7 53.
Be4 Ba6 54. Bh6 1-0

[Event "Elit(Wasa-Vasteras)"]
[Site "?"]
[Date "2020.02.02"]
[Round "4"]
[White "Miezis, Normunds"]
[Black "Shirov, Alexei"]
[Result "1/2-1/2"]
[WhiteElo "2484"]
[BlackElo "2677"]
[PlyCount "93"]
[EventDate "2020.??.??"]
1. c4 e6 2. e4 d5 3. exd5 exd5 4. d4 Nf6 5. Nf3 Bb4+ 6. Bd2 Bxd2+ 7. Nbxd2 O-O
8. Be2 dxc4 9. Nxc4 Nc6 10. O-O Be6 11. Re1 Re8 12. a3 Bd5 13. Nfe5 Re7 14. Rc1
Qe8 15. Nxc6 Bxc6 16. Bf1 Rxe1 17. Qxe1 Qxe1 18. Rxe1 Rd8 19. Na5 Bd5 20. Rc1
Rd7 21. b4 Kf8 22. f3 Ne8 23. Kf2 Nd6 24. Bd3 c6 25. a4 a6 26. Rc3 Ke7 27. g4
h6 28. h4 g5 29. hxg5 hxg5 30. Ke3 f5 31. Bxf5 Nxf5+ 32. gxf5 Kf6 33. Nc4 Rh7
34. Ne5 Kxf5 35. b5 Rh6 36. bxc6 bxc6 37. Kf2 Rh2+ 38. Kg3 Ra2 39. Nxc6 Rxa4
40. Ne7+ Ke6 41. Re3+ Kd6 42. Nxd5 Kxd5 43. Re5+ Kd6 44. Rxg5 Rxd4 45. Rg6+ Ke7
46. Rxa6 Kf7 47. f4 1/2-1/2

[Event "Elit(LASK-Eksjo)"]
[Site "?"]
[Date "2020.02.02"]
[Round "4"]
[White "Heberla, Bartlomiej"]
[Black "Hillarp Persson, Tiger"]
[Result "1/2-1/2"]
[WhiteElo "2564"]
[BlackElo "2546"]
[PlyCount "35"]
1. e4 c5 2. Nf3 d6 3. d4 cxd4 4. Nxd4 Nf6 5. Nc3 a6 6. Be2 e5 7. Nf3 Be7 8. Bg5
Be6 9. Bxf6 Bxf6 10. O-O O-O 11. Nd5 Nd7 12. Bc4 Rc8 13. Qe2 Nb6 14. Nxb6 Qxb6
15. Bb3 Qc5 16. Rfd1 Bc4 17. Bxc4 Qxc4 18. Rd2 1/2-1/2

[Event "Elit(Wasa-Vasteras)"]
[Site "?"]
[Date "2020.02.02"]
[Round "4"]
[White "Amin, Bassem"]
[Black "Sjodahl, Pontus"]
[Result "1-0"]
[WhiteElo "2673"]
[BlackElo "2430"]
[PlyCount "103"]
[EventDate "2020.??.??"]
1. Nf3 d5 2. g3 Nf6 3. Bg2 c6 4. O-O Bg4 5. d3 Nbd7 6. Nbd2 e5 7. h3 Bh5 8. e4
dxe4 9. dxe4 Bc5 10. Qe1 O-O 11. Nb3 Bd6 12. Nh4 Re8 13. Be3 a5 14. a4 Bb4 15.
c3 Bf8 16. f3 Nb6 17. Nd2 Nfd7 18. Qf2 f6 19. Rfd1 Qc7 20. b3 Rad8 21. c4 Nc8
22. c5 b6 23. cxb6 Ncxb6 24. Rac1 Bf7 25. Bf1 Qb7 26. Nf5 Bb4 27. Nc4 Nxc4 28.
bxc4 Nf8 29. c5 Rxd1 30. Rxd1 Qc7 31. Nd6 Rd8 32. Qc2 Be6 33. f4 exf4 34. gxf4
g6 35. f5 gxf5 36. exf5 Bd5 37. Bc4 Qg7+ 38. Kf1 Qg3 39. Bxd5+ cxd5 40. Qg2
Qxg2+ 41. Kxg2 Nd7 42. Nb7 Rb8 43. Rxd5 Ne5 44. Rd8+ Rxd8 45. Nxd8 Kf8 46. Bd4
Ke7 47. Bxe5 fxe5 48. Ne6 e4 49. c6 Bc3 50. Kf2 Bd2 51. c7 Kd7 52. f6 1-0

[Event "Elit(LASK-Eksjo)"]
[Site "?"]
[Date "2020.02.02"]
[Round "4"]
[White "Tikkanen, Hans"]
[Black "Gdanski, Jacek"]
[Result "1/2-1/2"]
[WhiteElo "2503"]
[BlackElo "2482"]
[PlyCount "52"]
1. d4 Nf6 2. c4 c5 3. d5 d6 4. Nc3 g6 5. e4 Bg7 6. Nge2 O-O 7. Ng3 e6 8. Be2
exd5 9. exd5 a6 10. a4 Nbd7 11. O-O Ne8 12. Be3 f5 13. Qd2 Qf6 14. Bf4 b6 15.
Rfe1 Qf7 16. h3 Ne5 17. Nf1 Nc7 18. Nh2 Bd7 19. Nf3 Rfe8 20. Nxe5 Bxe5 21. Bf1
Bxf4 22. Qxf4 Rxe1 23. Rxe1 Re8 24. Re3 Rxe3 25. Qxe3 Qf6 26. f4 Kf7 1/2-1/2

[Event "Elit(Wasa-Vasteras)"]
[Site "?"]
[Date "2020.02.02"]
[Round "4"]
[White "Pantzar, Milton"]
[Black "Cramling, Pia"]
[Result "1-0"]
[WhiteElo "2406"]
[BlackElo "2470"]
[PlyCount "161"]
1. d4 Nf6 2. c4 e6 3. Nf3 Bb4+ 4. Nbd2 O-O 5. a3 Be7 6. e4 d6 7. Be2 Nfd7 8.
O-O e5 9. Nb1 exd4 10. Nxd4 Nc5 11. Nc3 a5 12. Be3 a4 13. Qc2 c6 14. Rad1 Qa5
15. f4 Re8 16. Rf3 Bf8 17. Rg3 Nba6 18. Nf3 Nb3 19. e5 dxe5 20. Ne4 Be7 21.
fxe5 g6 22. Nd6 Rf8 23. Qe4 Be6 24. Ng5 Bxg5 25. Bxg5 Nac5 26. Qf4 f5 27. Be7
Nd7 28. Bxf8 Rxf8 29. Re3 Nbc5 30. h4 Qd8 31. Rg3 Qb6 32. Kh2 Qxb2 33. Re3 Ne4
34. Nxe4 fxe4 35. Qxe4 Nc5 36. Qd4 Qxd4 37. Rxd4 Kg7 38. Kg3 h5 39. Rd1 Bf5 40.
Bf3 Re8 41. Kf2 Be6 42. Be2 Rf8+ 43. Ke1 Bf5 44. Rd4 Nb3 45. Rf4 Nc5 46. Kd2
Ne6 47. Rf1 Nc5 48. Kc3 Ne4+ 49. Kb2 Nc5 50. Rd1 Re8 51. Bf3 Kf7 52. Kc3 Nd7
53. Rde1 Nc5 54. Rg1 Nd7 55. Rge1 Nc5 56. Rf1 Ke7 57. Rg1 Rh8 58. Rd1 Ra8 59.
Rd4 Ne6 60. Rd2 Nc5 61. Rf2 Ke6 62. Rf1 Rd8 63. Rfe1 Rd7 64. Rg1 Rh7 65. Kb4
Nd3+ 66. Kxa4 Rh8 67. Kb3 Ra8 68. g4 hxg4 69. Bxg4 Nc5+ 70. Kb2 Rh8 71. Bxf5+
gxf5 72. Rg6+ Kf7 73. Rf6+ Ke7 74. Rxf5 Rxh4 75. Kc3 Na4+ 76. Kb3 Nc5+ 77. Kb4
Ne6 78. Kc3 b5 79. cxb5 cxb5 80. Rf1 Rc4+ 81. Kb2 1-0

[Event "Elit(LASK-Eksjo)"]
[Site "?"]
[Date "2020.02.02"]
[Round "4"]
[White "Ornstein, Axel"]
[Black "Kulaots, Kaido"]
[Result "0-1"]
[WhiteElo "2284"]
[BlackElo "2510"]
[PlyCount "82"]
1. d4 Nf6 2. c4 g6 3. g3 Bg7 4. Bg2 O-O 5. Nc3 d6 6. Nf3 c6 7. O-O Bf5 8. Re1
Ne4 9. Nxe4 Bxe4 10. Qb3 Qb6 11. Be3 c5 12. Rad1 Qxb3 13. axb3 Na6 14. Rd2 b6
15. Ra1 Nb4 16. Ne1 Bxg2 17. Kxg2 Rfb8 18. Nd3 Nxd3 19. Rxd3 Kf8 20. Ra6 cxd4
21. Bxd4 Bxd4 22. Rxd4 b5 23. Rd2 Rb7 24. e3 h5 25. Kf3 Rc8 26. Rc2 Rc5 27. e4
bxc4 28. bxc4 Rb3+ 29. Kg2 Rc7 30. Ra4 f6 31. h4 Kf7 32. f3 Rcb7 33. Ra2 Ke6
34. Kf2 Rd3 35. Ra3 Rxb2 36. Rxb2 Rxa3 37. Rb7 a5 38. Ra7 Ra2+ 39. Ke3 a4 40.
f4 a3 41. Kf3 Ra1 0-1

[Event "Elit(Rockaden,Sthlm-Burgsvik)"]
[Site "?"]
[Date "2020.02.01"]
[Round "5"]
[White "Barkhagen, Jonas"]
[Black "Akerman, Axel"]
[Result "1-0"]
[WhiteElo "2430"]
[BlackElo "2199"]
[PlyCount "91"]
[EventDate "2020.??.??"]
1. d4 d5 2. c4 e5 3. dxe5 d4 4. Nf3 Nc6 5. a3 Nge7 6. Nbd2 Ng6 7. Nb3 Be6 8.
Nbxd4 Bxc4 9. Nxc6 Qxd1+ 10. Kxd1 bxc6 11. Bd2 Bd5 12. Bc3 Bc5 13. e3 O-O 14.
Kc2 Rfd8 15. Nd2 a5 16. Re1 a4 17. f3 Be6 18. g3 Rd7 19. f4 Rad8 20. Nc4 Ne7
21. e4 Bf2 22. Be2 Bxe1 23. Rxe1 Bh3 24. Ne3 Nc8 25. g4 h5 26. f5 hxg4 27. Nxg4
Bxg4 28. Bxg4 Rd3 29. f6 Na7 30. e6 gxf6 31. Bxf6 fxe6 32. Bxe6+ Kh7 33. Bxd8
Rxd8 34. Rd1 Rf8 35. Rd7+ Kh6 36. Bf5 Nb5 37. h4 Rh8 38. e5 c5 39. Kd3 Kh5 40.
e6 c4+ 41. Kxc4 Nd6+ 42. Rxd6 cxd6 43. Kd5 Kxh4 44. e7 Re8 45. Kxd6 Kg5 46. Bd7
1-0

[Event "Elit(Farsta-Wasa)"]
[Site "?"]
[Date "2020.02.01"]
[Round "5"]
[White "Lundin, Jan"]
[Black "Berg, Emanuel"]
[Result "1/2-1/2"]
[WhiteElo "2350"]
[BlackElo "2544"]
[PlyCount "51"]
1. e4 e6 2. d4 d5 3. Nc3 Bb4 4. a3 Bxc3+ 5. bxc3 dxe4 6. Qg4 Nf6 7. Qxg7 Rg8 8.
Qh6 Rg6 9. Qd2 b6 10. Bb2 Bb7 11. Nh3 Nc6 12. Nf4 Rg8 13. c4 Qe7 14. Qc3 Nd7
15. O-O-O O-O-O 16. h4 Qd6 17. Qe3 Ne7 18. d5 Nc5 19. g3 Kb8 20. Bh3 e5 21. Ng2
Ba6 22. Qc3 Na4 23. Qxe5 Nxb2 24. Qxb2 Bxc4 25. Ne3 Be2 26. Rd2 1/2-1/2

[Event "Elit(Rockaden,Sthlm-Burgsvik)"]
[Site "?"]
[Date "2020.02.01"]
[Round "5"]
[White "Persson, Mats"]
[Black "Wiedenkeller, Michael"]
[Result "1-0"]
[WhiteElo "2300"]
[BlackElo "2458"]
[PlyCount "79"]
[EventDate "2020.??.??"]
1. d4 Nf6 2. Bf4 e6 3. e3 c5 4. c3 b6 5. Nd2 Bb7 6. Ngf3 Be7 7. h3 O-O 8. Bd3
cxd4 9. exd4 d6 10. O-O Nbd7 11. Re1 Re8 12. Bh2 a6 13. a4 Nf8 14. Ng5 Nd5 15.
Ngf3 Kh8 16. Qb3 Ng6 17. c4 Ndf4 18. Bf1 Rb8 19. Qe3 Nh5 20. Rad1 Bc6 21. b3
Ra8 22. Bd3 Kg8 23. g4 Nf6 24. g5 Nd7 25. h4 Ndf8 26. Bg3 Nd7 27. h5 Ngf8 28.
Qf4 e5 29. Qg4 Bxf3 30. Nxf3 exd4 31. Nxd4 Ne5 32. Bxe5 dxe5 33. Rxe5 Bc5 34.
Nf3 Rxe5 35. Bxh7+ Nxh7 36. Rxd8+ Rxd8 37. Nxe5 Rd2 38. g6 fxg6 39. Qe6+ Kh8
40. Nxg6# 1-0

[Event "Elit(Farsta-Wasa)"]
[Site "?"]
[Date "2020.02.01"]
[Round "5"]
[White "Bellon Lopez, Juan"]
[Black "Namini, Armin"]
[Result "0-1"]
[WhiteElo "2348"]
[BlackElo "2208"]
[PlyCount "168"]
1. d4 d5 2. Nf3 Nf6 3. Bf4 e6 4. e3 Bd6 5. Bg3 O-O 6. Nbd2 b6 7. Ne5 Bb7 8. Bh4
Be7 9. Bxf6 Bxf6 10. f4 Nc6 11. Qg4 Bxe5 12. fxe5 f5 13. Qf4 Nb4 14. Kd1 g5 15.
Qg3 Ba6 16. h4 g4 17. Qf4 Kg7 18. a3 Bxf1 19. Nxf1 Nc6 20. Ng3 h6 21. Nh5+ Kg6
22. Nf6 Ne7 23. h5+ Kg7 24. Rh4 Ng8 25. Kd2 Rc8 26. Rf1 Nxf6 27. exf6+ Qxf6 28.
Qg3 Qe7 29. Qe5+ Kh7 30. g3 Rcd8 31. c3 Rc8 32. Kc2 Rcd8 33. a4 a5 34. Rf4 Qd7
35. Kc1 Rde8 36. b3 Rc8 37. Kb2 Rb8 38. Kc1 Rbe8 39. Rf2 Rc8 40. Kb2 Rce8 41.
Rc2 Qd6 42. Qxd6 cxd6 43. Rh1 e5 44. c4 exd4 45. exd4 dxc4 46. Rxc4 Rc8 47.
Rxc8 Rxc8 48. Re1 Rg8 49. Kc3 Rg5 50. Re7+ Kg8 51. Re6 Rxh5 52. Rxd6 Kf7 53.
Rxb6 f4 54. Rb7+ Ke6 55. gxf4 g3 56. Rg7 Rg5 57. fxg5 h5 58. d5+ Kd6 59. Rg6+
Kxd5 60. Rg8 g2 61. Rd8+ Ke6 62. Rd1 h4 63. g6 h3 64. Rg1 Kf6 65. g7 Kxg7 66.
Kc4 Kf6 67. Kb5 h2 68. Rxg2 h1=Q 69. Rc2 Qe1 70. Rc4 Ke7 71. Kb6 Kd7 72. Rc7+
Kd8 73. Rc5 Qe3 74. Kb5 Qxb3+ 75. Kxa5 Qb7 76. Rh5 Qc7+ 77. Kb5 Qd7+ 78. Ka5
Qd2+ 79. Ka6 Qe2+ 80. Rb5 Kc7 81. Ka5 Qd2+ 82. Ka6 Qd3 83. Ka5 Qd4 84. Rb1 Qa7+
0-1

[Event "Elit(LASK-Vaxjo)"]
[Site "?"]
[Date "2020.02.01"]
[Round "5"]
[White "Lindberg, Bengt"]
[Black "Ahlander, Bjorn"]
[Result "1-0"]
[WhiteElo "2401"]
[BlackElo "2418"]
[PlyCount "135"]
[EventDate "2020.??.??"]
1. e4 c5 2. Nf3 d6 3. d4 cxd4 4. Nxd4 Nf6 5. Nc3 a6 6. Be3 Ng4 7. Bg5 h6 8. Bc1
e5 9. Nb3 Be6 10. Be2 Nf6 11. f4 Qc7 12. O-O Nbd7 13. Kh1 Be7 14. Be3 Rc8 15.
Qe1 O-O 16. Rd1 Rfe8 17. Bc1 Bf8 18. Qg3 Bc4 19. Bd3 Nh5 20. Qh4 Nxf4 21. Bxf4
exf4 22. Bxc4 Qxc4 23. Qxf4 Nf6 24. Nd4 Rc5 25. Nd5 Rxd5 26. exd5 Re4 27. Qf2
Qxd5 28. Nf5 Qe6 29. Nxh6+ Kh7 30. Nf5 Qxa2 31. b3 Qb2 32. Nxd6 Bxd6 33. Rxd6
Qe5 34. Rd3 Qg5 35. Rh3+ Kg8 36. Rf3 Re6 37. Rf5 Qg4 38. h3 Qg6 39. Kh2 b5 40.
Rc5 Re8 41. Qf5 Qh6 42. Rc8 Qe3 43. Rf3 Qe7 44. Rxe8+ Nxe8 45. Qf4 Nf6 46. Rc3
Qe6 47. Rc5 Qd7 48. Qb8+ Kh7 49. Qe5 Qd2 50. Qg3 g6 51. Rc7 Qd5 52. Qf4 Kg7 53.
Re7 b4 54. Qe5 Qc6 55. Rc7 Qb6 56. Rc4 a5 57. Rf4 Qc6 58. Rf2 Qe6 59. Re2 Qb6
60. g4 Kg8 61. Qf4 Qc6 62. Rf2 Nd7 63. Qxf7+ Kh8 64. Qe8+ Kg7 65. Rf7+ Kh6 66.
Qh8+ Kg5 67. Qd8+ Kh6 68. Qh4# 1-0

[Event "Elit(Rockaden,Sthlm-Burgsvik)"]
[Site "?"]
[Date "2020.02.01"]
[Round "5"]
[White "Zadruzny, Nicolaj"]
[Black "Larsson, Victor"]
[Result "1/2-1/2"]
[WhiteElo "2338"]
[BlackElo "2186"]
[PlyCount "114"]
[EventDate "2020.??.??"]
1. e4 c5 2. Nf3 Nc6 3. d4 cxd4 4. Nxd4 g6 5. c4 Nf6 6. Nc3 Bg7 7. Be3 Ng4 8.
Qxg4 Nxd4 9. Qd1 Ne6 10. Rc1 Qa5 11. Be2 b6 12. Qd5 Rb8 13. Qxa5 bxa5 14. b3
Bb7 15. Bxa7 Ra8 16. Be3 Bxc3+ 17. Rxc3 Bxe4 18. f3 Bc6 19. Kf2 O-O 20. Rb1
Rfd8 21. Rc2 d5 22. cxd5 Bxd5 23. Rd1 Rd6 24. Rcd2 Rad8 25. h4 h5 26. Ke1 Kf8
27. Bf2 f5 28. Bg3 f4 29. Bf2 Kf7 30. Rd3 Kf6 31. Kf1 Nc7 32. Be1 Ra8 33. Rd4
e5 34. Ra4 Rc6 35. Rxa5 Rxa5 36. Bxa5 Be6 37. Bd3 Nd5 38. Bd2 Ne7 39. Be1 Bd5
40. Bc4 Be6 41. Bd3 Nd5 42. Bd2 Bf5 43. Ke2 g5 44. hxg5+ Kxg5 45. Bxf5 Kxf5 46.
Rc1 Rg6 47. Kf2 e4 48. fxe4+ Kxe4 49. Rc4+ Kf5 50. Rd4 Ke5 51. Rd3 Ke4 52. Rh3
Rc6 53. a4 Rc2 54. Ke1 Rb2 55. Kd1 Ne3+ 56. Bxe3 fxe3 57. Rxh5 Rxb3 1/2-1/2

[Event "Elit(Farsta-Wasa)"]
[Site "?"]
[Date "2020.02.01"]
[Round "5"]
[White "Hjelm, Niclas"]
[Black "Cramling, Dan"]
[Result "1/2-1/2"]
[WhiteElo "2306"]
[BlackElo "2296"]
[PlyCount "36"]
1. e4 Nf6 2. Nc3 d5 3. exd5 Nxd5 4. Bc4 Nxc3 5. Qf3 e6 6. dxc3 g6 7. h4 h6 8.
Bf4 Bg7 9. Qg3 e5 10. Bxe5 Qe7 11. f4 Nd7 12. Nf3 Nxe5 13. Nxe5 Be6 14. Nxg6
fxg6 15. O-O-O Bxc4 16. Rhe1 Be2 17. Rxe2 Qxe2 18. Qxg6+ Kf8 1/2-1/2

[Event "Elit(LASK-Vaxjo)"]
[Site "?"]
[Date "2020.02.01"]
[Round "5"]
[White "Antonsen, Mikkel"]
[Black "Gonzalez, Emilio"]
[Result "1-0"]
[WhiteElo "2384"]
[BlackElo "1970"]
[PlyCount "63"]
[EventDate "2020.??.??"]
1. d4 Nf6 2. c4 e6 3. Nf3 b6 4. g3 Bb7 5. Bg2 Be7 6. O-O O-O 7. Re1 Na6 8. Nc3
d5 9. cxd5 Nxd5 10. e4 Nf6 11. Ne5 c6 12. Be3 Nd7 13. Nf3 Nc7 14. Qc2 c5 15.
Red1 cxd4 16. Nxd4 Qc8 17. Bf4 Bc5 18. Nb3 Be7 19. Rac1 Nc5 20. Nd4 Rd8 21. b4
Nd7 22. Bxc7 Qxc7 23. Nd5 Qxc2 24. Nxe7+ Kf8 25. Rxc2 Kxe7 26. Rc7 Rab8 27. e5
Bxg2 28. Kxg2 Rbc8 29. Nc6+ Ke8 30. Rdxd7 Rxd7 31. Rxc8+ Rd8 32. Rxd8# 1-0

[Event "Elit(Rockaden,Sthlm-Burgsvik)"]
[Site "?"]
[Date "2020.02.01"]
[Round "5"]
[White "Linusson, Pelle"]
[Black "Bator, Robert"]
[Result "1-0"]
[WhiteElo "2249"]
[BlackElo "2365"]
[PlyCount "87"]
[EventDate "2020.??.??"]
1. Nf3 d5 2. c4 c6 3. e3 Nf6 4. Nc3 a6 5. Qc2 e6 6. b3 c5 7. cxd5 exd5 8. Bb2
Nc6 9. a3 Bg4 10. Be2 Rc8 11. O-O Bd6 12. Rfd1 d4 13. Ne4 O-O 14. Nxd6 Qxd6 15.
Rdc1 b6 16. h3 Bxf3 17. Bxf3 Ne5 18. Be2 dxe3 19. dxe3 b5 20. a4 c4 21. Qf5 Nd3
22. Bxd3 Qxd3 23. Qxd3 cxd3 24. Rd1 Ne4 25. axb5 axb5 26. f3 Nc5 27. Ba3 g6 28.
Bxc5 Rxc5 29. Rxd3 Rfc8 30. Ra2 h5 31. Rad2 Kg7 32. e4 R8c7 33. Rd5 Kf6 34. Kf2
Ke6 35. b4 Rc1 36. Rxb5 Rb1 37. Rb6+ Ke7 38. Kg3 Rc4 39. Rb7+ Ke6 40. Rb6+ Ke7
41. Rb7+ Ke6 42. b5 Rc5 43. Rdd7 f6 44. Re7+ 1-0

[Event "Elit(Farsta-Wasa)"]
[Site "?"]
[Date "2020.02.01"]
[Round "5"]
[White "Sagit, Rauan"]
[Black "Gramer, Kent"]
[Result "1-0"]
[WhiteElo "2429"]
[BlackElo "2077"]
[PlyCount "105"]
1. Nf3 d5 2. g3 Nf6 3. Bg2 e6 4. b3 Be7 5. Bb2 c5 6. O-O O-O 7. d3 Nc6 8. Nbd2
b6 9. e3 Bb7 10. Qe2 Qc7 11. a3 h6 12. h3 Rad8 13. Rfd1 Nd7 14. Nh2 Bf6 15. c3
g6 16. f4 e5 17. Rac1 exf4 18. gxf4 Ne7 19. Qf2 Bg7 20. Ndf1 Nf6 21. Ng3 Nh7
22. Nf3 Nc6 23. Re1 f5 24. b4 Ba6 25. d4 Nf6 26. a4 Ne4 27. Nxe4 fxe4 28. b5
exf3 29. Bxf3 Bb7 30. bxc6 Bxc6 31. Qg2 Kh7 32. c4 Bxa4 33. cxd5 Qe7 34. Ba3
Rc8 35. dxc5 bxc5 36. Qg3 Rfe8 37. Bg2 h5 38. Kh1 Bf6 39. Qf3 Bh4 40. Re2 Bb5
41. Rb2 a6 42. e4 Qg7 43. e5 c4 44. Bb4 Qf7 45. Qe3 Bd7 46. Bc3 Bf5 47. Qd4
Rcd8 48. Ra1 Rb8 49. Rxa6 Rxb2 50. Bxb2 g5 51. e6 Qf8 52. Ra7+ Kh6 53. Rf7 1-0

[Event "Elit(LASK-Vaxjo)"]
[Site "?"]
[Date "2020.02.01"]
[Round "5"]
[White "Olofsson-Dolk, Mattis"]
[Black "Mauritsson, Sebastian"]
[Result "0-1"]
[WhiteElo "2218"]
[BlackElo "2362"]
[PlyCount "51"]
[EventDate "2020.??.??"]
1. e4 c5 2. Nf3 d6 3. d4 cxd4 4. Nxd4 Nf6 5. Nc3 a6 6. h3 e6 7. g4 b5 8. Bg2
Bb7 9. O-O Qc7 10. g5 Nfd7 11. f4 Nc6 12. Be3 Be7 13. f5 Nxd4 14. Bxd4 Ne5 15.
fxe6 fxe6 16. Bxe5 dxe5 17. Qg4 b4 18. Qxe6 bxc3 19. Qf7+ Kd8 20. Rad1+ Kc8 21.
Qe6+ Kb8 22. Rd7 Qc5+ 23. Kh1 Rf8 24. Rxe7 Rxf1+ 25. Bxf1 cxb2 26. Qb3 0-1

[Event "Elit(Rockaden,Sthlm-Burgsvik)"]
[Site "?"]
[Date "2020.02.01"]
[Round "5"]
[White "Hedman, Erik"]
[Black "Andersson, Bjorn"]
[Result "1-0"]
[WhiteElo "2376"]
[BlackElo "2153"]
[PlyCount "121"]
[EventDate "2020.??.??"]
1. d4 Nf6 2. Nf3 g6 3. e3 Bg7 4. Be2 d6 5. O-O O-O 6. b3 c5 7. Bb2 Nc6 8. Re1
Bf5 9. Nh4 Bd7 10. Nd2 cxd4 11. exd4 Nd5 12. Nhf3 Nf4 13. Bf1 d5 14. Ne5 Nxe5
15. dxe5 Rc8 16. c4 Bc6 17. Qg4 Ne6 18. Rad1 Qc7 19. cxd5 Bxd5 20. Nc4 Bc6 21.
Ne3 Rfd8 22. Bc4 h5 23. Qg3 Rxd1 24. Rxd1 Nf8 25. Qf4 e6 26. Rd6 Qa5 27. a4 b5
28. axb5 Bxb5 29. h4 Qe1+ 30. Kh2 Bxc4 31. Nxc4 Qb4 32. Rd3 a5 33. Ba3 Qe1 34.
Re3 Qa1 35. Bd6 Rd8 36. Rf3 Rd7 37. Qe4 Kh7 38. g3 a4 39. b4 Qd1 40. b5 Kg8 41.
b6 Rd8 42. b7 Nd7 43. Qd3 Qxd3 44. Rxd3 Nb8 45. Ra3 Bf8 46. Rxa4 Bxd6 47. Nxd6
Kf8 48. Ra8 Ke7 49. Nc8+ Kd7 50. Rxb8 Kc7 51. Ra8 Kxb7 52. Ra7+ Kxc8 53. Rxf7
Rg8 54. Re7 g5 55. hxg5 Rxg5 56. Rxe6 Kd7 57. Rd6+ Ke7 58. f4 Rf5 59. Kh3 Kf7
60. Kh4 Kg7 61. Rf6 1-0

[Event "Elit(Farsta-Wasa)"]
[Site "?"]
[Date "2020.02.01"]
[Round "5"]
[White "Ong, Kezli"]
[Black "Wedberg, Tom"]
[Result "1-0"]
[WhiteElo "2281"]
[BlackElo "2410"]
[PlyCount "71"]
1. e4 e5 2. Nf3 Nc6 3. Bb5 a6 4. Ba4 Nge7 5. O-O g6 6. c3 Bg7 7. d4 exd4 8.
cxd4 b5 9. Bb3 d6 10. h3 O-O 11. Nc3 Na5 12. Bc2 Bb7 13. Bg5 h6 14. Bh4 Qd7 15.
Re1 Nc4 16. b3 Nb6 17. Qd3 Nc6 18. Qd2 Rae8 19. Rac1 d5 20. e5 Nd8 21. Nh2 h5
22. f4 f5 23. exf6 Bxf6 24. Nf3 Qg7 25. Rxe8 Rxe8 26. Bxf6 Qxf6 27. Ne5 Bc8 28.
Nxg6 Bf5 29. Bxf5 Qxf5 30. Ne5 Ne6 31. Ne2 Qe4 32. Kh2 Nc8 33. Ng3 Qxd4 34.
Qxd4 Nxd4 35. Nxh5 Re7 36. Nf6+ 1-0

[Event "Elit(LASK-Vaxjo)"]
[Site "?"]
[Date "2020.02.01"]
[Round "5"]
[White "Dragicevic, Drazen"]
[Black "Lundstedt, Peter"]
[Result "1-0"]
[WhiteElo "2286"]
[BlackElo "2088"]
[PlyCount "89"]
[EventDate "2020.??.??"]
1. Nf3 d5 2. g3 Nf6 3. Bg2 e6 4. O-O Be7 5. c4 O-O 6. b3 c5 7. cxd5 Nxd5 8. Bb2
Bf6 9. d4 Nc6 10. e4 Nc7 11. e5 Be7 12. dxc5 Bxc5 13. Qc2 Qe7 14. a3 Bd7 15.
Nbd2 Nd5 16. Ne4 Bb6 17. Rad1 f6 18. exf6 gxf6 19. Rfe1 Qg7 20. Nc5 Bxc5 21.
Qxc5 Rac8 22. Qd6 Rfe8 23. Bh3 Rcd8 24. Kh1 Bc8 25. Qc5 Qf8 26. Qc4 Qh6 27. Bg2
Kf7 28. b4 Nb6 29. Qb3 Nd5 30. b5 Nce7 31. Nd4 e5 32. Nf3 Be6 33. Qa4 Ra8 34.
Re4 a6 35. Rh4 Qg7 36. Re4 Qh6 37. Rde1 Ng6 38. b6 Rad8 39. Qa5 Rd6 40. Nh4
Nge7 41. Bc1 Qg7 42. f4 Nc6 43. Qc5 Red8 44. Bb2 R8d7 45. f5 1-0

[Event "Elit(Stockholms SS-Vasteras)"]
[Site "?"]
[Date "2020.02.01"]
[Round "5"]
[White "Sjodahl, Pontus"]
[Black "Hauge, Lars Oskar"]
[Result "0-1"]
[WhiteElo "2430"]
[BlackElo "2493"]
[PlyCount "56"]
[EventDate "2020.??.??"]
1. d4 f5 2. Nf3 Nf6 3. c4 g6 4. Nc3 Bg7 5. Bf4 d6 6. e3 O-O 7. c5 Kh8 8. Bc4
Ne4 9. cxd6 cxd6 10. O-O Nc6 11. Bd5 Nf6 12. Bb3 Ne4 13. Qd3 e5 14. dxe5 Nxc3
15. Qxc3 Qe8 16. Ba4 g5 17. Bxc6 bxc6 18. Bxg5 dxe5 19. Rfd1 Qg6 20. Qc5 Be6
21. Rd6 Rae8 22. Nxe5 Qh5 23. Rxc6 Bg8 24. Bf4 Rd8 25. Rd6 Qe2 26. b3 Rfe8 27.
Rxd8 Rxd8 28. Rf1 Rd1 0-1

[Event "Elit(Limhamn-Eksjo)"]
[Site "?"]
[Date "2020.02.01"]
[Round "5"]
[White "Brynell, Stellan"]
[Black "Heberla, Bartlomiej"]
[Result "0-1"]
[WhiteElo "2409"]
[BlackElo "2564"]
[PlyCount "126"]
[EventDate "2020.??.??"]
1. d4 d5 2. Nf3 e6 3. g3 b5 4. Bg2 Nf6 5. O-O Nbd7 6. a4 b4 7. c4 bxc3 8. Nxc3
Bb7 9. Bf4 c6 10. a5 Ba6 11. Qa4 Rc8 12. Rfc1 Be7 13. b4 O-O 14. b5 Bb7 15.
bxc6 Bxc6 16. Qb3 Nh5 17. Bd2 Rb8 18. Qc2 Nhf6 19. Bf4 Rb4 20. Nd2 Rxd4 21. Be3
Rg4 22. h3 Rg6 23. Bxa7 Qa8 24. Bb6 e5 25. Nf3 d4 26. Na4 Be4 27. Qd1 Nd5 28.
Ne1 Nf4 29. f3 Nxg2 30. Nxg2 Bc6 31. Kh2 d3 32. e4 f5 33. Rxc6 Qxc6 34. Qxd3
fxe4 35. fxe4 Nf6 36. Nc3 Rh6 37. Ne3 Bb4 38. Ncd5 Nxd5 39. Qxd5+ Kh8 40. Qxc6
Rxc6 41. Ra2 Bc5 42. Nd5 Bd4 43. h4 Ra8 44. Rd2 Rc4 45. h5 Ra4 46. Kh3 Rf8 47.
Kg2 Ra3 48. Bxd4 exd4 49. Rxd4 Rxa5 50. Nf4 Re8 51. Kf3 Rae5 52. Ra4 Kg8 53. g4
Rf8 54. Kg3 Rb5 55. Nd5 Rb3+ 56. Kh4 Rb1 57. Ra7 Re1 58. Re7 h6 59. Re5 Rh1+
60. Kg3 Rg1+ 61. Kh4 Rf2 62. Kh3 Rf3+ 63. Kh4 Rh1# 0-1